000 01060atm a2200457 4500
005 20251128164426.0
008 150728b2001 xxu||||| |||| 00| 0 spa d
020 _a0078203406
041 _aESP
082 _a530 TI595f6
100 _aTippens, Paul E.
_929137
245 _aFísica: conceptos y aplicaciones
250 _a6 edición
260 _aMéxico
260 _bMcGraw-Hill
260 _c2001
300 _a943 páginas
490 _aGestión de Calidad
490 _aMecánica Dental
490 _aElectrónica
650 _aFÍSICA
650 _aMECÁNICA
650 _aELECTRÓNICA
650 _aCALOR
650 _aLUZ
650 _aSONIDO
650 _aTERMODINÁMICA
650 _aELECTRICIDAD
650 _aMAGNETISMO
650 _aFÍSICA MODERNA
650 _aFÍSICA NUCLEAR
650 _aINSTRUMENTOS ÓPTICOS
650 _aÓPTICA
650 _aMÁQUINAS SIMPLES
650 _aLEYES DE NEWTON
650 _aLEY DE HOOKE
942 _cBK
_2ddc
999 _c6697
_d6697